00770 2200193 4500001002100000005001500021035002000036245004700056100001900103250001700122300002800139260003100167082000800198084001400206020002200220650001100242520029700253500002600550INLIS00000000000082320241126080442 a0010-11240000461 aTeruslah Berkokok, Ruru! /cYovita Siswati0 aYovita Siswati aCetakan ke-1 a32 hlm :bIlus ;c24 cm aSolo :bTiga Ananda,c2019 a813 a813 YOV t a978-623-206-035-7 4aCerpen aRuru, si ayam jantan, rajin sekali berkokok. Saat hujan dan badai, sehat dan sakit, Ruru tak pernah lupa berkokok. Namun, Ruru sungguh heran, mengapa ia tak disukai teman lain. Ruru sedih dan merana. Apakah ia harus berhenti berkokok saja? Ikuti Kisah Ruru yang rajin berkokok dalam buku ini. aSeri Binatang Pejuang